Thiru valluvar on learning, knowledge and wisdom / (Record no. 42742)

MARC details
000 -LEADER
fixed length control field 00723nam a22002177a 4500
005 - DATE AND TIME OF LATEST TRANSACTION
control field 20100820143850.0
010 ## - LCCN (DPL NO)
LC control number ENG-101127
020 ## - INTERNATIONAL STANDARD BOOK NUMBER
Terms of availability 60.00
035 ## - SYSTEM CONTROL NUMBER
System control number EN-84660
037 ## - SOURCE OF ACQUISITION
Source of stock number/acquisition DBAD/PUB
082 ## - DEWEY DECIMAL CLASSIFICATION NUMBER
Classification number 870
100 ## - MAIN ENTRY--PERSONAL NAME
Personal name Aasaan, G. V. K.
245 ## - TITLE STATEMENT
Title Thiru valluvar on learning, knowledge and wisdom /
Statement of responsibility, etc by G. V. K. Aasaan
260 ## - PUBLICATION, DISTRIBUTION, ETC. (IMPRINT)
Place of publication, distribution, etc Tamilnadu
Name of publisher, distributor, etc Poongundran Pathippagam
Date of publication, distribution, etc 2008
270 ## - ADDRESS
Address 30, Thruvenkadam Street, North Coimbatore
City Coimbatore
Postal code 641002
300 ## - PHYSICAL DESCRIPTION
Extent 120 p.
Dimensions 22cm (pbk)
650 ## - SUBJECT ADDED ENTRY--TOPICAL TERM
Topical term or geographic name as entry element Tirukkual
650 ## - SUBJECT ADDED ENTRY--TOPICAL TERM
Topical term following geographic name as entry element Malpractice
942 ## - ADDED ENTRY ELEMENTS (KOHA)
Source of classification or shelving scheme Dewey Decimal Classification
Item type English Books
Call number suffix AAS
Classification part 870
Holdings
Withdrawn status Lost status Not for loan Collection code Home library Current library Date acquired Cost, normal purchase price Full call number Barcode Copy number Cost, replacement price Koha item type
    Not For Loan Non-fiction D.B.Act.Division D.B.Act.Division 20/08/2010 60.00 870 AAS EN-84660 1 60.00 English Books

© Delhi Public Library
Hit Counter
free hit counter